000 00305nam a2200109Ia 4500
008 201224s9999 xx 000 0 und d
100 _aStern, Robert W.
245 0 _achanging India: Buorgeois revolution on the subcontinent
260 _aCambridge
_bCambridge University Press
300 _a257
942 _cBK
999 _c8761
_d8761